[Event "DEM U10/U10w 2013"]
[Site "Oberhof GER"]
[Date "2013.05.19"]
[Round "2"]
[White "Baladjaev, Leyla"]
[Black "Keymer, Vincent"]
[Result "0-1"]
[Termination "normal"]
[Board "1"]
[WhiteElo "1385"]
[BlackElo "1861"]
[PlyCount "82"]
[WhiteFideId "12960217"]
[BlackFideId "12940690"]
[EventCountry "GER"]
[EventRounds "11"]
[EventType "swiss"]
[EventDate "2013.05.18"]

1. e4 c5 2. Nf3 e6 3. d4 cxd4 4. Nxd4 a6 5. c4 Nf6 6. Nc3 d6 7. Bd3 Be7 8. O-O
O-O 9. Be3 Qc7 10. Rc1 b6 11. f4 Nbd7 12. Qf3 Nc5 13. Qe2 Bb7 14. Qc2 Rac8 15.
b3 Ng4 16. Qe2 Nxe3 17. Qxe3 Bf6 18. Rce1 Nxd3 19. Qxd3 Qc5 20. e5 dxe5 21.
fxe5 Bxe5 22. Rd1 Rfd8 23. Nce2 Bxd4+ 24. Nxd4 e5 25. Qf5 Rf8 26. b4 Qxb4 27.
Qxe5 Qxc4 28. Nf5 f6 29. Qg3 Qc7 30. Qg4 Kh8 31. Nh4 Rfd8 32. Nf5 Bd5 33. Rc1
Qd7 34. Rfd1 Rxc1 35. Rxc1 Be6 36. Rf1 g6 37. Qh4 Bxf5 38. Qxf6+ Kg8 39. Qg5
Qd4+ 40. Rf2 Re8 41. Qd2 Qe4 0-1

[Event "DEM U10/U10w 2013"]
[Site "Oberhof GER"]
[Date "2013.05.19"]
[Round "2"]
[White "Tong, Kevin"]
[Black "Mücka, Cedric"]
[Result "1-0"]
[Termination "normal"]
[Board "2"]
[WhiteElo "1637"]
[BlackElo "1380"]
[PlyCount "45"]
[WhiteFideId "12913944"]
[BlackFideId "16217640"]
[EventCountry "GER"]
[EventRounds "11"]
[EventType "swiss"]
[EventDate "2013.05.18"]

1. e4 c5 2. Nf3 d6 3. d4 cxd4 4. Nxd4 Nf6 5. Nc3 g6 6. Be3 Bg7 7. f3 O-O 8. Qd2
Nc6 9. Bc4 Bd7 10. O-O-O Qa5 11. Kb1 Qc7 12. Bb3 Rfc8 13. g4 Qa5 14. h4 Ne5 15.
h5 Nc4 16. Bxc4 Rxc4 17. hxg6 fxg6 18. Nb3 Qa6 19. Nd5 Nxd5 20. Qxd5+ Kh8 21.
Rxh7+ Kxh7 22. Rh1+ Bh6 23. Qf7+ 1-0

[Event "DEM U10/U10w 2013"]
[Site "Oberhof GER"]
[Date "2013.05.19"]
[Round "2"]
[White "Helmer, Jan"]
[Black "Kopylov, Daniel"]
[Result "0-1"]
[Termination "normal"]
[Board "3"]
[WhiteElo "1570"]
[BlackElo "1628"]
[PlyCount "70"]
[WhiteFideId "12956686"]
[BlackFideId "12921971"]
[EventCountry "GER"]
[EventRounds "11"]
[EventType "swiss"]
[EventDate "2013.05.18"]

1. f4 d5 2. Nf3 c5 3. e3 Nc6 4. Bb5 a6 5. Bxc6+ bxc6 6. O-O Nf6 7. b3 e6 8. Bb2
Be7 9. d3 O-O 10. Nbd2 Qb6 11. Qe1 Nd7 12. Qg3 Bf6 13. Ne5 Kh8 14. Rf3 Bxe5 15.
fxe5 g6 16. Qh4 h5 17. Raf1 Kg7 18. Rg3 Qb4 19. Qxb4 cxb4 20. Rf4 c5 21. Rh4
Kh6 22. Rgh3 Rg8 23. g4 Nb6 24. Kf1 a5 25. gxh5 g5 26. Rg4 f5 27. exf6 e5 28.
Rgg3 Bxh3+ 29. Rxh3 g4 30. Rg3 Nd7 31. e4 d4 32. Bc1 Kxh5 33. Nc4 Raf8 34. h3
Rxf6+ 35. Kg1 Kh4 0-1

[Event "DEM U10/U10w 2013"]
[Site "Oberhof GER"]
[Date "2013.05.19"]
[Round "2"]
[White "Svane, Frederik"]
[Black "Bartelt, Max Peter"]
[Result "1-0"]
[Termination "normal"]
[Board "4"]
[WhiteElo "1715"]
[BlackElo "1356"]
[PlyCount "135"]
[WhiteFideId "12923044"]
[BlackFideId "12967289"]
[EventCountry "GER"]
[EventRounds "11"]
[EventType "swiss"]
[EventDate "2013.05.18"]

1. e4 e6 2. d4 d5 3. Nd2 c5 4. exd5 Qxd5 5. Ngf3 cxd4 6. Bc4 Qd8 7. Nb3 Nc6 8.
Nbxd4 Nxd4 9. Nxd4 Bc5 10. Be3 Ne7 11. Nb5 Bxe3 12. Nd6+ Kf8 13. fxe3 Ng6 14.
O-O f6 15. Nxc8 Qxc8 16. Qd6+ Kf7 17. Bb3 Rd8 18. Qb4 Qc6 19. Rad1 Ne7 20. Rd4
Rxd4 21. exd4 Nd5 22. Qd2 b5 23. Kh1 a5 24. a3 a4 25. Ba2 Rc8 26. c3 Qa6 27.
Qd3 g6 28. Re1 Qc6 29. Qh3 h5 30. Kg1 Qd6 31. Rxe6 Qxe6 32. Bxd5 Qxd5 33. Qxc8
Qg5 34. Qd7+ Kf8 35. Qc8+ Kf7 36. Qc7+ Ke8 37. h4 Qf5 38. Qc6+ Kf7 39. d5 Qf4
40. Qb7+ Ke8 41. Qxb5+ Kf7 42. Qb7+ Ke8 43. Qa8+ Kd7 44. Qa7+ Ke8 45. Qf2 Qe5
46. Qd2 Qd6 47. Qd4 Qe7 48. Qxa4+ Kf7 49. Qd4 Qe1+ 50. Kh2 Qe7 51. c4 Qd6+ 52.
Kg1 g5 53. Qe3 Qc7 54. c5 gxh4 55. d6 Qb8 56. Qe7+ Kg6 57. d7 Qxb2 58. Qd6 h3
59. Qg3+ Kf7 60. d8=Q h2+ 61. Kxh2 Qe5 62. Qxe5 fxe5 63. c6 Ke6 64. c7 Kf5 65.
c8=Q+ Ke4 66. Qc2+ Kf4 67. Qf6+ Kg4 68. Qe2# 1-0

[Event "DEM U10/U10w 2013"]
[Site "Oberhof GER"]
[Date "2013.05.19"]
[Round "2"]
[White "Zimmer, Raphael"]
[Black "Yankelevich, Michael"]
[Result "1-0"]
[Termination "normal"]
[Board "5"]
[WhiteElo "1369"]
[BlackElo "1644"]
[PlyCount "109"]
[WhiteFideId "12978841"]
[BlackFideId "12921440"]
[EventCountry "GER"]
[EventRounds "11"]
[EventType "swiss"]
[EventDate "2013.05.18"]

1. e4 e6 2. d4 d5 3. exd5 exd5 4. c4 c6 5. Nc3 Nf6 6. Nf3 Bb4 7. Bd3 Bg4 8. Be3
Nbd7 9. h3 Bh5 10. g4 Bg6 11. Bxg6 hxg6 12. Nd2 Qe7 13. Qe2 Qe6 14. O-O-O Bxc3
15. bxc3 O-O-O 16. c5 Ne4 17. Nxe4 Qxe4 18. f3 Qe7 19. Rd2 Rde8 20. Re1 Qf6 21.
Qf1 Re6 22. Rh2 Rhe8 23. Kd2 Qd8 24. a4 Qa5 25. Rhe2 Qa6 26. Bf4 Rxe2+ 27. Rxe2
Rxe2+ 28. Qxe2 Qxe2+ 29. Kxe2 a6 30. Kd3 Nf6 31. Be5 Kd7 32. Bxf6 gxf6 33. h4
Ke7 34. c4 f5 35. cxd5 cxd5 36. Ke3 Kf6 37. Kf4 fxg4 38. fxg4 g5+ 39. hxg5+ Ke6
40. Kg3 Ke7 41. Kf4 Ke6 42. a5 Kd7 43. Ke5 Kc6 44. Kf6 Kb5 45. Kxf7 Kxa5 46. g6
Kb5 47. g7 a5 48. g8=Q a4 49. Qa8 Kb4 50. Qxb7+ Ka3 51. c6 Ka2 52. c7 Ka1 53.
Qb4 a3 54. c8=Q Ka2 55. Qc2+ 1-0

[Event "DEM U10/U10w 2013"]
[Site "Oberhof GER"]
[Date "2013.05.19"]
[Round "2"]
[White "Dobrikov, Marco"]
[Black "Henning, Marvin"]
[Result "1-0"]
[Termination "normal"]
[Board "6"]
[WhiteElo "1528"]
[BlackElo "1342"]
[PlyCount "81"]
[WhiteFideId "12950378"]
[BlackFideId "12957399"]
[EventCountry "GER"]
[EventRounds "11"]
[EventType "swiss"]
[EventDate "2013.05.18"]

1. e4 Nf6 2. e5 Nd5 3. d4 d6 4. exd6 cxd6 5. Nf3 Bg4 6. Bc4 Nb6 7. Bxf7+ Kxf7
8. Ng5+ Ke8 9. Qxg4 h6 10. Ne6 Qc8 11. Nxg7+ Bxg7 12. Qxg7 Rf8 13. O-O Qxc2 14.
Bxh6 Rf6 15. Bg5 Rf7 16. Qg8+ Rf8 17. Qb3 Qg6 18. h4 Nc6 19. Re1 Qf5 20. Qe3
Nd5 21. Qd2 Nf6 22. Nc3 Kd7 23. Qe2 Rae8 24. Rad1 e5 25. dxe5 Rxe5 26. Qd2
Rxe1+ 27. Rxe1 Ng4 28. Re2 Nge5 29. Ne4 Qg6 30. h5 Qg7 31. Qxd6+ Kc8 32. Bh6
Nf3+ 33. Kh1 Qg4 34. Qxf8+ Kc7 35. Qxf3 Qd7 36. Bf4+ Kb6 37. Qb3+ Ka5 38. Bd2+
Qxd2 39. Nxd2 b5 40. Re6 Nd4 41. Qa3# 1-0

[Event "DEM U10/U10w 2013"]
[Site "Oberhof GER"]
[Date "2013.05.19"]
[Round "2"]
[White "Wu, Leon"]
[Black "Suvorov, Luca"]
[Result "1-0"]
[Termination "normal"]
[Board "7"]
[WhiteElo "1345"]
[BlackElo "1551"]
[PlyCount "161"]
[WhiteFideId "12977438"]
[BlackFideId "12977071"]
[EventCountry "GER"]
[EventRounds "11"]
[EventType "swiss"]
[EventDate "2013.05.18"]

1. e4 c5 2. Nf3 Nc6 3. d4 cxd4 4. Nxd4 e5 5. Nb5 d6 6. N1c3 a6 7. Na3 b5 8. Nd5
Nge7 9. c4 b4 10. Nc2 a5 11. Be2 Nxd5 12. cxd5 Ne7 13. Be3 g6 14. O-O Bg7 15.
Qd2 O-O 16. Ne1 f5 17. f3 f4 18. Bf2 g5 19. Nd3 Ba6 20. Rac1 Qd7 21. Rc2 Rfc8
22. Rfc1 Rxc2 23. Rxc2 h5 24. Bb6 Bxd3 25. Qxd3 Qb7 26. Bf2 Kh7 27. Qb5 Qxb5
28. Bxb5 Rb8 29. Ba4 g4 30. Rc7 Ng8 31. Ba7 Rf8 32. Bd7 gxf3 33. gxf3 Nf6 34.
Bf5+ Kh6 35. Rc6 Ra8 36. Bb6 Bf8 37. Bc7 Ne8 38. Bb6 a4 39. Rc8 Rxc8 40. Bxc8
Kg6 41. Bd7 Nf6 42. Bxa4 Kf7 43. a3 bxa3 44. bxa3 Ke7 45. Bc6 Nd7 46. Bc7 Nc5
47. a4 Na6 48. Bb6 Kf7 49. a5 Ke7 50. h3 Kf7 51. Bb5 Nc5 52. a6 Nxa6 53. Bxa6
Kg6 54. Bb5 Kg5 55. Kg2 Kg6 56. Bd8 Kf7 57. h4 Kg6 58. Be8+ Kh6 59. Bg5+ Kh7
60. Bxh5 Kh8 61. Kh3 Kh7 62. Kg4 Kh8 63. Kf5 Kh7 64. Bf7 Kh8 65. Kg6 Be7 66.
Bf6+ Bxf6 67. Kxf6 Kh7 68. h5 Kh8 69. Bg6 Kg8 70. h6 Kh8 71. Ke7 Kg8 72. h7+
Kg7 73. Kxd6 Kh8 74. Kxe5 Kg7 75. d6 Kh8 76. d7 Kg7 77. h8=Q+ Kxh8 78. d8=Q+
Kg7 79. Qf6+ Kg8 80. Qf7+ Kh8 81. Qh7# 1-0

[Event "DEM U10/U10w 2013"]
[Site "Oberhof GER"]
[Date "2013.05.19"]
[Round "2"]
[White "Graf, Justus Felix"]
[Black "Post, Hugo"]
[Result "1-0"]
[Termination "normal"]
[Board "8"]
[WhiteElo "1489"]
[BlackElo "1341"]
[PlyCount "79"]
[WhiteFideId "12929212"]
[BlackFideId "12962490"]
[EventCountry "GER"]
[EventRounds "11"]
[EventType "swiss"]
[EventDate "2013.05.18"]

1. e4 e5 2. Nf3 Nc6 3. Bb5 Nf6 4. d3 d6 5. Nbd2 Be7 6. Nf1 Be6 7. Ng3 a6 8. Ba4
b5 9. Bb3 O-O 10. c3 Na5 11. Bc2 c5 12. O-O Nc6 13. d4 Bg4 14. d5 Nb8 15. a4
Nbd7 16. h3 Bxf3 17. Qxf3 Nb6 18. Nf5 Qd7 19. Bh6 Nh5 20. Qxh5 g6 21. Qf3 Rfc8
22. Nxe7+ Qxe7 23. a5 Nd7 24. g3 c4 25. h4 Rab8 26. h5 g5 27. Qf5 f6 28. f4 g4
29. Qxg4+ Kh8 30. fxe5 Nxe5 31. Qe6 Qa7+ 32. Kg2 Re8 33. Qxf6+ Kg8 34. Qg5+ Kh8
35. Rf5 b4 36. Raf1 bxc3 37. Qf6+ Kg8 38. Qf8+ Rxf8 39. Rxf8+ Rxf8 40. Rxf8#
1-0

[Event "DEM U10/U10w 2013"]
[Site "Oberhof GER"]
[Date "2013.05.19"]
[Round "2"]
[White "Bierfreund, Trine Maja"]
[Black "Niemann, Alexander"]
[Result "0-1"]
[Termination "normal"]
[Board "9"]
[WhiteElo "1341"]
[BlackElo "1645"]
[PlyCount "126"]
[WhiteFideId "12957372"]
[BlackFideId "12939862"]
[EventCountry "GER"]
[EventRounds "11"]
[EventType "swiss"]
[EventDate "2013.05.18"]

1. e4 c5 2. Nf3 Nc6 3. Nc3 g6 4. d4 cxd4 5. Nxd4 Bg7 6. Be3 Nf6 7. f4 d6 8. Bb5
Bd7 9. O-O O-O 10. Bxc6 Bxc6 11. e5 dxe5 12. fxe5 Nd5 13. Nxd5 Qxd5 14. Nf3
Qxd1 15. Raxd1 Bxf3 16. Rxf3 Bxe5 17. c3 b6 18. Re1 Bd6 19. Bf4 Bxf4 20. Rxf4
e6 21. Rd4 Rfd8 22. Red1 Rxd4 23. Rxd4 Kf8 24. Rd7 Ke8 25. Rc7 a6 26. Rb7 b5
27. b3 Rd8 28. h3 Rd1+ 29. Kh2 Ra1 30. c4 bxc4 31. bxc4 Rxa2 32. c5 Rc2 33. Rc7
a5 34. c6 a4 35. Rc8+ Ke7 36. Ra8 Rxc6 37. Rxa4 Kf6 38. Rf4+ Ke7 39. Rf2 f5 40.
h4 e5 41. Kg3 Rc3+ 42. Rf3 Rxf3+ 43. gxf3 h5 44. Kh3 Kf6 45. Kg2 f4 46. Kh3 Kf5
47. Kg2 e4 48. fxe4+ Kxe4 49. Kf2 f3 50. Kf1 Kf4 51. Kf2 Kg4 52. Kf1 Kxh4 53.
Kf2 Kg4 54. Kf1 Kf4 55. Kf2 Ke4 56. Kf1 Ke3 57. Kg1 Ke2 58. Kh2 f2 59. Kh3
f1=Q+ 60. Kh2 Qf4+ 61. Kh1 Qg5 62. Kh2 Kf2 63. Kh3 Qg3# 0-1

[Event "DEM U10/U10w 2013"]
[Site "Oberhof GER"]
[Date "2013.05.19"]
[Round "2"]
[White "Heckmann, Till"]
[Black "Brückner, Alexander"]
[Result "1-0"]
[Termination "normal"]
[Board "10"]
[WhiteElo "1517"]
[BlackElo "1334"]
[PlyCount "127"]
[WhiteFideId "12987093"]
[BlackFideId "12952613"]
[EventCountry "GER"]
[EventRounds "11"]
[EventType "swiss"]
[EventDate "2013.05.18"]

1. e4 e5 2. Nf3 Nc6 3. Bb5 Nge7 4. O-O g6 5. d3 Bg7 6. Nc3 a6 7. Bc4 b5 8. Bb3
Na5 9. Bg5 Nxb3 10. axb3 d6 11. Bxe7 Qxe7 12. Nxb5 O-O 13. Nc3 c6 14. Nd2 f5
15. Nc4 fxe4 16. dxe4 Qg5 17. Qd3 Rd8 18. Nb6 Rb8 19. Nxc8 Rbxc8 20. Rxa6 Qe7
21. Rxc6 Ra8 22. Nd5 Qa7 23. Rc7 Qa2 24. Qh3 Qxb2 25. Qe6+ Kh8 26. Qf7 Rg8 27.
Nf6 Raf8 28. Qe6 Rxf6 29. Qh3 Qd4 30. Qh4 Rgf8 31. Rc4 Qb6 32. Rc3 g5 33. Qg3
g4 34. Qh4 Rf4 35. Qg3 Rxe4 36. h3 gxh3 37. gxh3 Rg8 38. Kh1 Rf4 39. Rg1 Qb7+
40. Kh2 e4 41. Qxf4 Be5 42. Rxg8+ Kxg8 43. Rg3+ Qg7 44. Rxg7+ Kxg7 45. Kg3 h5
46. Qxe5+ dxe5 47. b4 Kf7 48. b5 Ke7 49. b6 Kd7 50. c4 Kc6 51. c5 Kb7 52. Kh4
Kc6 53. Kxh5 Kxc5 54. b7 Kd4 55. b8=Q Kd5 56. Qb3+ Kd4 57. Qe3+ Kd5 58. Kg4 Ke6
59. Kg5 Kd5 60. Kf5 Kc4 61. Kxe5 Kb5 62. Kd5 Ka6 63. Kc6 Ka5 64. Qa3# 1-0

[Event "DEM U10/U10w 2013"]
[Site "Oberhof GER"]
[Date "2013.05.19"]
[Round "2"]
[White "Stirnberg, Noah"]
[Black "Gheng, Dominik"]
[Result "1-0"]
[Termination "normal"]
[Board "11"]
[WhiteElo "1338"]
[BlackElo "1635"]
[PlyCount "133"]
[WhiteFideId "16207742"]
[BlackFideId "12906778"]
[EventCountry "GER"]
[EventRounds "11"]
[EventType "swiss"]
[EventDate "2013.05.18"]

1. d4 Nf6 2. Nf3 d5 3. Bf4 c5 4. c3 Nc6 5. e3 Qb6 6. Qc2 Bf5 7. Qb3 c4 8. Qxb6
axb6 9. Nbd2 b5 10. a3 b4 11. Ne5 bxc3 12. bxc3 e6 13. a4 Nxe5 14. Bxe5 Nd7 15.
Nf3 b5 16. a5 b4 17. Kd2 b3 18. Kc1 Nxe5 19. Nxe5 Rb8 20. Kb2 Bd6 21. a6 Bxe5
22. dxe5 O-O 23. Be2 Rfc8 24. a7 Ra8 25. Ra6 Rc7 26. Rha1 Rb7 27. Rd6 Kf8 28.
Rda6 Ke7 29. f4 Kd7 30. g4 Be4 31. h4 Kc7 32. h5 Rb6 33. R6a5 Kb7 34. Bd1 h6
35. g5 Kc7 36. Be2 Kd7 37. Bd1 Ke7 38. Be2 Kf8 39. Bg4 Kg8 40. Be2 hxg5 41.
fxg5 Rb7 42. Bg4 Rc7 43. Be2 Rcc8 44. Bg4 Re8 45. Be2 Red8 46. Bg4 Rf8 47. Rb5
Rfe8 48. Be2 Re7 49. Rb8+ Re8 50. Rxe8+ Rxe8 51. a8=Q Rxa8 52. Rxa8+ Kh7 53.
Rf8 Bf5 54. Rxf7 Kg8 55. g6 Bh3 56. Ra7 Kf8 57. Ra8+ Ke7 58. Rg8 d4 59. exd4
Bf5 60. Rxg7+ Kf8 61. Rf7+ Kg8 62. Bxc4 Kh8 63. Bxb3 Kg8 64. c4 Be4 65. Bc2 Bc6
66. h6 Kh8 67. Rc7 1-0

[Event "DEM U10/U10w 2013"]
[Site "Oberhof GER"]
[Date "2013.05.19"]
[Round "2"]
[White "Bui, Julia"]
[Black "Collin, Alexander"]
[Result "0-1"]
[Termination "normal"]
[Board "12"]
[WhiteElo "1260"]
[BlackElo "1451"]
[PlyCount "76"]
[WhiteFideId "12977055"]
[BlackFideId "12946745"]
[EventCountry "GER"]
[EventRounds "11"]
[EventType "swiss"]
[EventDate "2013.05.18"]

1. e4 e6 2. d4 d5 3. Nd2 c5 4. dxc5 Bxc5 5. exd5 exd5 6. Nb3 Bb6 7. Bd3 Nc6 8.
Nf3 Bg4 9. O-O Nge7 10. h3 Bh5 11. Be2 O-O 12. Bg5 f6 13. Bh4 Re8 14. Re1 Nf5
15. Qd2 Bxf3 16. Bxf3 Rxe1+ 17. Rxe1 Nxh4 18. Bxd5+ Kh8 19. c4 a5 20. Qf4 Ng6
21. Qg4 a4 22. Nd2 Nge5 23. Qh5 Qe8 24. Qe2 Qg6 25. Kh1 Qd3 26. Qd1 Bxf2 27.
Re2 Be3 28. Be4 Qd4 29. Qe1 Bxd2 30. Rxd2 Qxc4 31. Rc2 Qe6 32. Qh4 f5 33. Bxc6
Nxc6 34. Rc3 Re8 35. Rc1 Qe5 36. Qxa4 Nd4 37. Rc5 Qe1+ 38. Kh2 Nf3+ 0-1

[Event "DEM U10/U10w 2013"]
[Site "Oberhof GER"]
[Date "2013.05.19"]
[Round "2"]
[White "Tschammer, Kai"]
[Black "Zyla, Lennert"]
[Result "1-0"]
[Termination "normal"]
[Board "13"]
[WhiteElo "1605"]
[BlackElo "1291"]
[PlyCount "67"]
[WhiteFideId "12939099"]
[BlackFideId "12981567"]
[EventCountry "GER"]
[EventRounds "11"]
[EventType "swiss"]
[EventDate "2013.05.18"]

1. e4 g6 2. d4 Bg7 3. Nc3 c6 4. Nf3 d5 5. exd5 cxd5 6. Bf4 a6 7. Be2 Nf6 8. Qd2
O-O 9. Bh6 Nc6 10. O-O-O Ng4 11. Be3 Nxe3 12. Qxe3 Bf5 13. h4 h5 14. Ne1 Qd7
15. f3 Kh7 16. Qg1 Bh6+ 17. Kb1 Rg8 18. g4 Be6 19. Nd3 b6 20. Nf2 Be3 21. Bd3
Kh6 22. gxh5 gxh5 23. Ng4+ hxg4 24. Qxe3+ Kh5 25. Ne2 gxf3 26. Nf4+ Kh6 27.
Nxe6+ Kh5 28. Qxf3+ Kh6 29. Qf4+ Kh5 30. Be2+ Kg6 31. h5+ Kh7 32. Bd3+ Rg6 33.
hxg6+ Kg8 34. gxf7# 1-0

[Event "DEM U10/U10w 2013"]
[Site "Oberhof GER"]
[Date "2013.05.19"]
[Round "2"]
[White "Khamenya, Vitalia"]
[Black "Dietz, Florian"]
[Result "0-1"]
[Termination "normal"]
[Board "14"]
[WhiteElo "1210"]
[BlackElo "1445"]
[PlyCount "74"]
[WhiteFideId "12959260"]
[BlackFideId "12939897"]
[EventCountry "GER"]
[EventRounds "11"]
[EventType "swiss"]
[EventDate "2013.05.18"]

1. e4 c5 2. Bc4 Nc6 3. Nc3 Nf6 4. Nf3 d6 5. d3 g6 6. Bg5 Bg7 7. O-O O-O 8. Re1
Bg4 9. h3 Bxf3 10. Qxf3 Nd4 11. Qd1 Qd7 12. Ne2 Nc6 13. a3 e6 14. Nf4 Ne8 15.
c3 h6 16. Qb3 Na5 17. Qa2 Nxc4 18. Qxc4 hxg5 19. Ne2 d5 20. exd5 Qxd5 21. Qb5
Nc7 22. Qa4 Qxd3 23. Rad1 Qb5 24. Qc2 Rad8 25. Rc1 Bh6 26. c4 Qd7 27. Rcd1 Qc6
28. Rb1 g4 29. h4 Rd2 30. Qc3 Rfd8 31. Ng3 R8d3 32. Qf6 Rxg3 33. Qd8+ Kh7 34.
Qd5 Nxd5 35. fxg3 Ne3 36. Re2 Rxe2 37. Rf1 Qxg2# 0-1

[Event "DEM U10/U10w 2013"]
[Site "Oberhof GER"]
[Date "2013.05.19"]
[Round "2"]
[White "Lieberwirth, Kasimir"]
[Black "Wu, Luka"]
[Result "1/2-1/2"]
[Termination "normal"]
[Board "15"]
[WhiteElo "1433"]
[BlackElo "1217"]
[PlyCount "127"]
[WhiteFideId "12988146"]
[BlackFideId "12977420"]
[EventCountry "GER"]
[EventRounds "11"]
[EventType "swiss"]
[EventDate "2013.05.18"]

1. e4 e5 2. f4 exf4 3. Nf3 d6 4. d4 Bg4 5. Bxf4 Nf6 6. Bd3 Be7 7. O-O Nc6 8. c3
O-O 9. Nbd2 Nd7 10. Qe1 Nf6 11. h3 Bh5 12. Rd1 Bg6 13. Bb1 h6 14. Nb3 a5 15. a4
Ra6 16. e5 Nd5 17. exd6 Bxd6 18. Bxd6 Qxd6 19. Bxg6 fxg6 20. Nfd2 Raa8 21. Nc4
Qe7 22. Qxe7 Rxf1+ 23. Rxf1 Ndxe7 24. Rd1 Nd5 25. Re1 Kh7 26. Rf1 b6 27. Rf7
Re8 28. Rd7 Rd8 29. Rxd8 Nxd8 30. Kf2 Ne6 31. g3 g5 32. Nbxa5 bxa5 33. Nxa5 Nb6
34. b3 c5 35. dxc5 Nxc5 36. Ke3 Kg6 37. Kd4 Ne6+ 38. Ke5 Nc5 39. Kd4 Ne6+ 40.
Ke5 Nc5 41. c4 Kh5 42. Kf5 g6+ 43. Ke5 g4 44. h4 g5 45. hxg5 Kxg5 46. Kd4 Ncd7
47. c5 Na8 48. b4 h5 49. Nc4 h4 50. gxh4+ Kxh4 51. Ne3 Nc7 52. Nxg4 Kxg4 53. c6
Nb8 54. b5 Kf5 55. Kc5 Ke6 56. Kb6 Kd6 57. Kb7 Nxc6 58. bxc6 Ne8 59. a5 Nc7 60.
Kb6 Na8+ 61. Kb5 Nc7+ 62. Kb6 Na8+ 63. Kb7 Nc7 64. Kb6 1/2-1/2

[Event "DEM U10/U10w 2013"]
[Site "Oberhof GER"]
[Date "2013.05.19"]
[Round "2"]
[White "Kukulina, Sonja"]
[Black "Weishäutel, Moritz"]
[Result "0-1"]
[Termination "normal"]
[Board "16"]
[WhiteElo "1184"]
[BlackElo "1431"]
[PlyCount "130"]
[WhiteFideId "12977047"]
[BlackFideId "12967300"]
[EventCountry "GER"]
[EventRounds "11"]
[EventType "swiss"]
[EventDate "2013.05.18"]

1. e4 e5 2. Nf3 Nc6 3. Bc4 Bc5 4. c3 Nf6 5. d4 exd4 6. cxd4 Bb4+ 7. Nc3 Nxe4 8.
O-O Bxc3 9. bxc3 O-O 10. Qd3 d5 11. Re1 Bf5 12. Bb3 Qd7 13. Nh4 Be6 14. f3 Nd6
15. Bc2 g6 16. Bh6 Rfe8 17. Qd2 Nf5 18. Nxf5 Bxf5 19. Qg5 f6 20. Bxf5 Qxf5 21.
Qxf5 gxf5 22. Rab1 b6 23. Bf4 Na5 24. Bxc7 Rac8 25. Rxe8+ Rxe8 26. Rb5 Rc8 27.
Bf4 Rxc3 28. Bd2 Ra3 29. Bxa5 bxa5 30. Rb8+ Kg7 31. Rb7+ Kg6 32. Rxa7 Rxa2 33.
g3 Rd2 34. Rxa5 Rxd4 35. Ra7 Rd2 36. Rd7 d4 37. h4 d3 38. Kf1 Rd1+ 39. Kf2 Rd2+
40. Ke1 Rg2 41. Rxd3 Rxg3 42. Kf2 Rh3 43. Rd4 Kh5 44. Kg2 Rxh4 45. Rxh4+ Kxh4
46. Kf2 Kh3 47. Ke3 Kg3 48. Ke2 h5 49. Kf1 Kxf3 50. Kg1 Kg3 51. Kh1 f4 52. Kg1
f3 53. Kh1 h4 54. Kg1 f2+ 55. Kf1 h3 56. Ke2 Kg2 57. Ke3 f1=Q 58. Kd4 Qe2 59.
Kd5 Qe3 60. Kc4 Qd2 61. Kc5 h2 62. Kc4 h1=Q 63. Kc5 Qhc1+ 64. Kb5 Qdb2+ 65. Ka5
Qca1# 0-1

[Event "DEM U10/U10w 2013"]
[Site "Oberhof GER"]
[Date "2013.05.19"]
[Round "2"]
[White "Hüls, Maximilian"]
[Black "Hommel, Niclas"]
[Result "0-1"]
[Termination "normal"]
[Board "17"]
[WhiteElo "1617"]
[BlackElo "1197"]
[PlyCount "56"]
[WhiteFideId "12949698"]
[BlackFideId "12974927"]
[EventCountry "GER"]
[EventRounds "11"]
[EventType "swiss"]
[EventDate "2013.05.18"]

1. f4 Nf6 2. Nf3 e6 3. d4 c5 4. e3 Nc6 5. c3 b6 6. Bd3 d5 7. O-O Be7 8. Nbd2
O-O 9. Ne5 Bb7 10. Rf3 Re8 11. Rh3 h6 12. g4 Nd7 13. g5 Ncxe5 14. dxe5 hxg5 15.
Qh5 f5 16. Qg6 Nf8 17. Qh5 g4 18. Rg3 a6 19. h3 Bh4 20. Rg2 d4 21. Re2 dxc3 22.
Nc4 Qxd3 23. Rd2 cxd2 24. Bxd2 Qxc4 25. Qxh4 Qe2 26. Qf2 Qxf2+ 27. Kxf2 gxh3
28. Rh1 Bxh1 0-1

[Event "DEM U10/U10w 2013"]
[Site "Oberhof GER"]
[Date "2013.05.19"]
[Round "2"]
[White "Pahl, Erik"]
[Black "Merk, Daniel"]
[Result "0-1"]
[Termination "normal"]
[Board "18"]
[WhiteElo "880"]
[BlackElo "1655"]
[PlyCount "52"]
[WhiteFideId "16201272"]
[BlackFideId "12938386"]
[EventCountry "GER"]
[EventRounds "11"]
[EventType "swiss"]
[EventDate "2013.05.18"]

1. e4 e6 2. d4 d5 3. exd5 exd5 4. Bd3 Nc6 5. c3 Bd6 6. Nf3 Bg4 7. O-O Nf6 8.
Be3 O-O 9. Nbd2 Re8 10. Qb3 Rb8 11. Bg5 Re6 12. Bxf6 Rxf6 13. Qxd5 Bxh2+ 14.
Nxh2 Qxd5 15. Nxg4 Re6 16. Bc4 Qg5 17. Bxe6 fxe6 18. Ne3 Rd8 19. f4 Qb5 20. b4
Qd3 21. Ndc4 b5 22. Nb2 Qxe3+ 23. Kh2 Rd5 24. g4 Qd2+ 25. Kg3 Qxc3+ 26. Rf3
Qxb2 0-1

[Event "DEM U10/U10w 2013"]
[Site "Oberhof GER"]
[Date "2013.05.19"]
[Round "2"]
[White "Nguyen, Alex Dac-Vuong"]
[Black "Berelowitsch, Dana"]
[Result "1-0"]
[Termination "normal"]
[Board "19"]
[WhiteElo "1401"]
[BlackElo "981"]
[PlyCount "87"]
[WhiteFideId "12984388"]
[BlackFideId "12977144"]
[EventCountry "GER"]
[EventRounds "11"]
[EventType "swiss"]
[EventDate "2013.05.18"]

1. e4 e5 2. Nf3 Nf6 3. Nc3 Nc6 4. Bc4 Bb4 5. d3 d6 6. a3 Ba5 7. b4 Bb6 8. Bg5
Bg4 9. h3 Bh5 10. g4 Bg6 11. Nd5 h6 12. Bh4 Bh7 13. g5 hxg5 14. Bxg5 Bg6 15.
Nd2 Rh5 16. h4 Nd4 17. Rf1 Ne6 18. Nxb6 axb6 19. Bxe6 fxe6 20. f4 Qe7 21. f5
exf5 22. exf5 Bf7 23. Ne4 d5 24. Nc3 c6 25. Qe2 Qd6 26. O-O-O Rh7 27. Bf4 Bh5
28. Qe1 Bxd1 29. Nxd1 Nd7 30. d4 O-O-O 31. dxe5 Qe7 32. Bg5 Qe8 33. Bxd8 Qxd8
34. e6 Nf6 35. e7 Qe8 36. Qe6+ Kb8 37. Qd6+ Kc8 38. Nc3 b5 39. a4 Qd7 40. Qe6
Ne8 41. axb5 Rxh4 42. Na4 Qxe6 43. fxe6 Nf6 44. Rxf6 1-0

[Event "DEM U10/U10w 2013"]
[Site "Oberhof GER"]
[Date "2013.05.19"]
[Round "2"]
[White "Suvorov, Alexander"]
[Black "Sinnhöfer, Lilian"]
[Result "1-0"]
[Termination "normal"]
[Board "21"]
[WhiteElo "1397"]
[BlackElo "875"]
[PlyCount "63"]
[WhiteFideId "12977063"]
[BlackFideId "12977586"]
[EventCountry "GER"]
[EventRounds "11"]
[EventType "swiss"]
[EventDate "2013.05.18"]

1. d4 d5 2. Nf3 Nf6 3. c4 e6 4. cxd5 exd5 5. Nc3 Bb4 6. a3 Bxc3+ 7. bxc3 Nc6 8.
Bg5 O-O 9. e3 Bg4 10. Bd3 Qd6 11. h3 Bxf3 12. Qxf3 Na5 13. Bxf6 Qxf6 14. Qxd5
Nc6 15. O-O Ne7 16. Qxb7 Qc6 17. Qxc6 Nxc6 18. Be4 Rab8 19. Bxc6 Rb6 20. d5
Rxc6 21. dxc6 Rd8 22. Rad1 Rxd1 23. Rxd1 h6 24. Rd7 Kf8 25. Rxc7 Ke8 26. Rxa7
Kd8 27. Rxf7 g5 28. a4 Kc8 29. Rb7 h5 30. a5 g4 31. a6 gxh3 32. a7 1-0

[Event "DEM U10/U10w 2013"]
[Site "Oberhof GER"]
[Date "2013.05.19"]
[Round "2"]
[White "Wagner, Benjamin"]
[Black "Straßburg, Robin"]
[Result "1-0"]
[Termination "normal"]
[Board "23"]
[WhiteElo "1468"]
[BlackElo "911"]
[PlyCount "57"]
[WhiteFideId "12957330"]
[BlackFideId "16210018"]
[EventCountry "GER"]
[EventRounds "11"]
[EventType "swiss"]
[EventDate "2013.05.18"]

1. e4 e5 2. Nf3 Nc6 3. Bc4 Nf6 4. d3 Bc5 5. c3 h6 6. O-O O-O 7. Nbd2 d6 8. Re1
Bg4 9. Nf1 a6 10. Bb3 Qe7 11. h3 Bh5 12. Ng3 Rad8 13. Be3 Bxe3 14. fxe3 Rfe8
15. d4 Na5 16. Bc2 Nc4 17. b3 Nb6 18. Nxh5 Nxh5 19. Nxe5 dxe5 20. Qxh5 Qd6 21.
Rf1 Qd7 22. d5 Qe7 23. Rf3 Rd7 24. Raf1 Rf8 25. Rg3 Qc5 26. Qxh6 g6 27. b4 Qe7
28. Rf5 Nc8 29. Rh5 1-0